000 00733nam a22002057a 4500
003 OSt
005 20251029031959.0
008 251029b |||||||| |||| 00| 0 eng d
020 _a971-10-0992-7.
040 _aDWCL-Main lib
_cOC
082 _aFil. 320.9599 T474a 1996
100 _aThompson, Mark K.
245 _aThe Anti-Marcos struggle :
_bpersonalistic rule and democratic transition in the Philippines
_cThompson, Mark K.
260 _aQuezon City :
_bNew Day pub.,
_cc1996.
300 _axiii, 258 pages ;
_c22 cm.
504 _aIncludes bibliographical references and index.
650 _21. Marcos, Ferdinand E., 1917-1989.
650 _22. Philippines-Politics and government-1973-1986.
942 _2ddc
_cBK - FIL
_kFil.
_n0
999 _c5274
_d5274